[Event "12th EUR-ch"]
[Site "Aix-les-Bains FRA"]
[Date "2011.03.25"]
[Round "4.18"]
[White "Kobalia, Mikhail"]
[Black "Mikhalevski, Victor"]
[Result "1-0"]
[WhiteElo "2672"]
[BlackElo "2584"]
[EventDate "2011.03.22"]
[PlyCount "157"]

1.e4 e5 2.Nf3 Nc6 3.Bb5 a6 4.Ba4 Nf6 5.O-O Be7 6.d3 d6 7.c3 O-O 8.Re1 b5 
9.Bc2 Bb7 10.Nbd2 Re8 11.Nf1 Bf8 12.Ng3 g6 13.d4 Bg7 14.h3 exd4 15.cxd4 
Nb4 16.Bb1 c5 17.d5 a5 18.a3 Na6 19.Be3 a4 20.Bc2 Qd7 21.Qd2 c4 22.Bg5 Rf8
23.Bh6 Bh8 24.Bxf8 Rxf8 25.Rad1 Qd8 26.Ne2 Qb6 27.Nc3 Nc5 28.e5 Ne8 29.Qf4
Bc8 30.exd6 Qxd6 31.Qe3 Bd7 32.Ne5 Bxe5 33.Qxe5 Qxe5 34.Rxe5 Nd6 35.Na2 
Na6 36.Kf1 Rc8 37.Re3 Rc7 38.Ke2 Bc8 39.Kd2 Bb7 40.Kc3 Kf8 41.Nb4 Nxb4 42.
Kxb4 Bc8 43.Rde1 Bb7 44.Rd1 Bc8 45.g4 Kg7 46.Rde1 Kf6 47.Rf3+ Kg7 48.g5 
Bf5 49.Bxf5 gxf5 50.Rfe3 Rc8 51.f4 Kf8 52.h4 Kg8 53.h5 Kg7 54.R1e2 h6 55.
g6 Ne4 56.gxf7 Rd8 57.Rxe4 fxe4 58.Kc5 Rc8+ 59.Kxb5 c3 60.bxc3 Rxc3 61.
Rxe4 Rxa3 62.Rxa4 Rb3+ 63.Rb4 Rh3 64.Kc6 Rc3+ 65.Kd6 Rg3 66.Ke6 Re3+ 67.
Kf5 Rd3 68.Ke5 Rd1 69.d6 Kxf7 70.Rb7+ Ke8 71.Rh7 Re1+ 72.Kf5 Rh1 73.Kg6 
Rd1 74.Re7+ Kd8 75.Re6 Kd7 76.Rf6 Rg1+ 77.Kxh6 Rh1 78.Kg6 Rg1+ 79.Kf7 1-0

[Event "12th EUR-ch"]
[Site "Aix-les-Bains FRA"]
[Date "2011.03.25"]
[Round "4.19"]
[White "Kotronias, Vasilios"]
[Black "Bologan, Viorel"]
[Result "1-0"]
[WhiteElo "2583"]
[BlackElo "2671"]
[EventDate "2011.03.22"]
[PlyCount "122"]

1.e4 c6 2.d4 d5 3.Nc3 dxe4 4.Nxe4 Bf5 5.Ng3 Bg6 6.h4 h6 7.Nf3 Nd7 8.h5 Bh7
9.Bd3 Bxd3 10.Qxd3 e6 11.Bf4 Qa5+ 12.Bd2 Bb4 13.c3 Be7 14.c4 Qc7 15.O-O-O 
Ngf6 16.Rhe1 O-O 17.Nf5 exf5 18.Rxe7 Qd8 19.Re2 Ne4 20.g3 b5 21.cxb5 cxb5 
22.Kb1 Ndf6 23.Qxb5 Rb8 24.Qd3 Nxh5 25.Be1 Qd5 26.Rc2 Rfc8 27.Ne5 f4 28.g4
Nhf6 29.f3 Rxc2 30.Qxc2 Ng5 31.Rd3 Re8 32.Bh4 Nxf3 33.Nxf3 Nxg4 34.Rc3 Ne3
35.Qe2 Qa8 36.Rd3 Nf5 37.Qd1 Ne3 38.Qe2 g5 39.Bf2 Ng4 40.Ne5 Nxf2 41.Qxf2 
Qh1+ 42.Kc2 h5 43.Qe2 g4 44.Rd1 Qd5 45.Qd3 Qe6 46.Rh1 Qh6 47.Qf5 Rxe5 48.
Qc8+ Kg7 49.dxe5 g3 50.Qc3 Qe6 51.Qf3 Qf5+ 52.Kd2 Kh6 53.Qc6+ Kg5 54.Qe8 
g2 55.Qg8+ Qg6 56.Qxg6+ fxg6 57.Rg1 f3 58.Ke3 Kg4 59.Kf2 h4 60.e6 h3 61.e7
h2 1-0

[Event "12th EUR-ch"]
[Site "Aix-les-Bains FRA"]
[Date "2011.03.25"]
[Round "4.20"]
[White "Khismatullin, Denis"]
[Black "Kozul, Zdenko"]
[Result "1/2-1/2"]
[WhiteElo "2662"]
[BlackElo "2568"]
[EventDate "2011.03.22"]
[PlyCount "97"]

1.d4 Nf6 2.c4 g6 3.Nc3 Bg7 4.g3 d5 5.cxd5 Nxd5 6.Bg2 Nxc3 7.bxc3 c5 8.Nf3 
Nc6 9.d5 Bxc3+ 10.Bd2 Bxa1 11.Qxa1 Nd4 12.Nxd4 cxd4 13.Qxd4 f6 14.O-O O-O 
15.Bb4 Rf7 16.d6 e5 17.Qc4 Qe8 18.Bd5 Bd7 19.f4 Rc8 20.Qb3 e4 21.f5 Kg7 
22.fxg6 hxg6 23.Bc3 Rxc3 24.Qxc3 Be6 25.Qd4 Bxd5 26.Qxd5 Rd7 27.Rd1 Qf7 
28.Qxe4 Qxa2 29.Qg4 f5 30.Qd4+ Kf7 31.e4 Qb3 32.exf5 gxf5 33.Rf1 Kg6 34.
Qe5 Qb6+ 35.Kg2 Qc6+ 36.Rf3 Qe4 37.Qxe4 fxe4 38.Rf4 Rxd6 39.Rxe4 b5 40.Re7
a5 41.Ra7 a4 42.Ra5 Rd2+ 43.Kf3 Rb2 44.h4 Rb3+ 45.Kg4 Rb4+ 46.Kf3 Kf5 47.
g4+ Ke5 48.h5 Rb3+ 49.Ke2 1/2-1/2

[Event "12th EUR-ch"]
[Site "Aix-les-Bains FRA"]
[Date "2011.03.25"]
[Round "4.21"]
[White "Halkias, Stelios"]
[Black "Nyback, Tomi"]
[Result "1/2-1/2"]
[WhiteElo "2579"]
[BlackElo "2656"]
[EventDate "2011.03.22"]
[PlyCount "55"]

1.d4 Nf6 2.Nf3 e6 3.e3 b6 4.Bd3 Bb7 5.O-O d5 6.b3 Bd6 7.Bb2 O-O 8.Ne5 Ne4 
9.Nd2 Nxd2 10.Qxd2 f6 11.Nf3 Nd7 12.Qe2 f5 13.Ba6 Bxa6 14.Qxa6 Qc8 15.Qxc8
Raxc8 16.c4 dxc4 17.bxc4 Rfe8 18.Rad1 g6 19.g3 Bf8 20.e4 c5 21.d5 exd5 22.
Rxd5 fxe4 23.Ng5 Re7 24.Rfd1 Rc7 25.Re1 Bg7 26.Bc1 Rc8 27.Rxe4 Ne5 28.Bb2 
1/2-1/2

[Event "12th EUR-ch"]
[Site "Aix-les-Bains FRA"]
[Date "2011.03.25"]
[Round "4.22"]
[White "Papin, Vasily"]
[Black "Gustafsson, Jan"]
[Result "1/2-1/2"]
[WhiteElo "2569"]
[BlackElo "2647"]
[EventDate "2011.03.22"]
[PlyCount "47"]

1.d4 d5 2.c4 c6 3.Nf3 Nf6 4.Nc3 e6 5.e3 Nbd7 6.Qc2 Bd6 7.b3 O-O 8.Be2 b6 
9.O-O Bb7 10.Bb2 Qe7 11.Rfe1 h6 12.Rad1 Rfd8 13.Bd3 Bb4 14.h3 Rac8 15.a3 
Bxa3 16.Bxa3 Qxa3 17.Ra1 Qd6 18.Rxa7 Qb8 19.Qa2 c5 20.Be2 Ne4 21.Rc1 dxc4 
22.bxc4 Nxc3 23.Rxc3 cxd4 24.Nxd4 1/2-1/2

[Event "12th EUR-ch"]
[Site "Aix-les-Bains FRA"]
[Date "2011.03.25"]
[Round "4.23"]
[White "Korobov, Anton"]
[Black "Esen, Baris"]
[Result "1-0"]
[WhiteElo "2647"]
[BlackElo "2528"]
[EventDate "2011.03.22"]
[PlyCount "46"]

1.d4 d5 2.c4 c6 3.Nc3 Nf6 4.Nf3 e6 5.Bg5 Nbd7 6.e3 Qa5 7.cxd5 Nxd5 8.Qd2 
Bb4 9.Rc1 h6 10.Bh4 c5 11.Bd3 b6 12.O-O O-O 13.Bb1 cxd4 14.Qc2 g6 15.Nxd5 
Qxd5 16.Rfd1 Bc5 17.b4 Bxb4 18.Rxd4 Qa5 19.Rg4 f5 20.Rxg6+ Kh7 21.Rxe6 Bb7
22.Qc7 Qd5 23.Re5 Qc5 1-0

[Event "12th EUR-ch"]
[Site "Aix-les-Bains FRA"]
[Date "2011.03.25"]
[Round "4.24"]
[White "Andriasian, Zaven"]
[Black "Dubov, Daniil"]
[Result "1/2-1/2"]
[WhiteElo "2645"]
[BlackElo "2489"]
[EventDate "2011.03.22"]
[PlyCount "62"]

1.e4 c5 2.Nf3 d6 3.d4 cxd4 4.Nxd4 Nf6 5.Nc3 Nc6 6.Bg5 e6 7.Qd2 a6 8.O-O-O 
Bd7 9.f3 Qc7 10.h4 h6 11.Be3 h5 12.Kb1 Be7 13.Bg5 Ne5 14.Bd3 b5 15.Rhe1 b4
16.Nce2 a5 17.f4 Neg4 18.Ng3 Qc5 19.Bf1 a4 20.e5 dxe5 21.fxe5 Nxe5 22.Bxf6
gxf6 23.Ne4 Qb6 24.Nf3 O-O-O 25.Qf4 Ng6 26.Nd6+ Bxd6 27.Qxd6 Qxd6 28.Rxd6 
Kc7 29.Rd4 Rb8 30.Rc4+ Kd6 31.Ree4 e5 1/2-1/2

[Event "12th EUR-ch"]
[Site "Aix-les-Bains FRA"]
[Date "2011.03.25"]
[Round "4.25"]
[White "Maze, Sebastien"]
[Black "Bartel, Mateusz"]
[Result "1/2-1/2"]
[WhiteElo "2559"]
[BlackElo "2638"]
[EventDate "2011.03.22"]
[PlyCount "50"]

1.e4 e6 2.d4 d5 3.Nc3 Nf6 4.Bg5 Be7 5.e5 Nfd7 6.h4 Nc6 7.Nf3 h6 8.Bf4 a6 
9.Ne2 b5 10.a4 b4 11.Ng3 Na5 12.Be3 c5 13.Nh5 g6 14.Nf4 cxd4 15.Bxd4 Nc6 
16.c4 Nxd4 17.Qxd4 Bc5 18.Qd2 Qc7 19.cxd5 Nxe5 20.Be2 Ng4 21.Nd3 Bd6 22.
dxe6 Bxe6 23.Nd4 Qe7 24.Nxe6 Qxe6 25.Nf4 Qe5 1/2-1/2

[Event "12th EUR-ch"]
[Site "Aix-les-Bains FRA"]
[Date "2011.03.25"]
[Round "4.26"]
[White "Alsina Leal, Daniel"]
[Black "Khairullin, Ildar"]
[Result "1/2-1/2"]
[WhiteElo "2538"]
[BlackElo "2634"]
[EventDate "2011.03.22"]
[PlyCount "91"]

1.e4 c5 2.Nf3 e6 3.d4 cxd4 4.Nxd4 a6 5.c4 Nf6 6.Nc3 Bb4 7.Bd2 O-O 8.e5 Ne8
9.Bd3 d6 10.Nc2 Nc6 11.Nxb4 Nxb4 12.Bf4 Qa5 13.exd6 e5 14.Be3 Nxd6 15.O-O 
Bf5 16.Bxf5 Nxf5 17.Nd5 Nxd5 18.Qxd5 Qxd5 19.cxd5 Rfd8 20.Rfd1 Rac8 21.Rd2
f6 22.Rad1 h5 23.b4 Nd6 24.f3 Nc4 25.Re2 Rd7 26.Rc2 b5 27.a4 Rcd8 28.Bc5 
Rxd5 29.Rxd5 Rxd5 30.axb5 axb5 31.Ra2 f5 32.Ra8+ Kh7 33.Rb8 e4 34.fxe4 
fxe4 35.Rxb5 e3 36.Kf1 Rd1+ 37.Ke2 Rd2+ 38.Kf3 Rf2+ 39.Kg3 h4+ 40.Kxh4 
Rxg2 41.Rb7 Rf2 42.Rb5 Rf5 43.Rb7 e2 44.Rb8 Ne5 45.Re8 Nd3 46.Bf2 1/2-1/2

[Event "12th EUR-ch"]
[Site "Aix-les-Bains FRA"]
[Date "2011.03.25"]
[Round "4.27"]
[White "Vuckovic, Bojan"]
[Black "Wirig, Anthony"]
[Result "0-1"]
[WhiteElo "2626"]
[BlackElo "2480"]
[EventDate "2011.03.22"]
[PlyCount "104"]

1.d4 e6 2.c4 Nf6 3.Nc3 Bb4 4.e3 O-O 5.Bd3 d5 6.Nf3 c5 7.O-O dxc4 8.Bxc4 b6
9.a3 Bxc3 10.bxc3 Bb7 11.Bb2 Qc7 12.Rc1 Ng4 13.g3 Qc6 14.Be2 c4 15.h3 Nf6 
16.a4 Nbd7 17.Kh2 Ne4 18.Ba3 Rfd8 19.Qc2 f5 20.Bd1 Re8 21.Ne1 Qc7 22.Rg1 
Nef6 23.f3 g6 24.f4 Be4 25.Qe2 Nd5 26.g4 a6 27.g5 b5 28.Qd2 Qc6 29.a5 Qc7 
30.Bb4 Nb8 31.Bc2 Nxb4 32.Bxe4 N4c6 33.Bg2 Ra7 34.d5 Rd8 35.Rd1 Nxa5 36.e4
Nb3 37.Qe3 Qc5 38.Qf3 fxe4 39.Qxe4 Re7 40.d6 Rxd6 41.Nf3 Nd7 42.Ne5 Nxe5 
43.fxe5 Rxd1 44.Rxd1 Kg7 45.Kh1 Rf7 46.Qh4 Qe7 47.Rd6 Nc5 48.Qd4 Nd3 49.h4
Rf4 50.Qe3 Rxh4+ 51.Kg1 Rg4 52.Rxa6 Qxg5 0-1

[Event "12th EUR-ch"]
[Site "Aix-les-Bains FRA"]
[Date "2011.03.25"]
[Round "4.28"]
[White "Bellaiche, Anthony"]
[Black "L'Ami, Erwin"]
[Result "1-0"]
[WhiteElo "2472"]
[BlackElo "2623"]
[EventDate "2011.03.22"]
[PlyCount "85"]

1.d4 Nf6 2.c4 g6 3.Nc3 d5 4.Bg5 Bg7 5.Bxf6 Bxf6 6.cxd5 c6 7.Rc1 O-O 8.dxc6
Qxd4 9.Qxd4 Bxd4 10.cxb7 Bxb7 11.e3 Bf6 12.Nf3 Nd7 13.Bb5 Nb8 14.Bf1 Nd7 
15.Bb5 Nc5 16.O-O Bxf3 17.gxf3 Rab8 18.b4 Rfc8 19.Nd5 Rxb5 20.a4 Rb7 21.
Rxc5 Rd8 22.Rfc1 Kg7 23.b5 Be5 24.Nb4 Bd6 25.Nc6 Ra8 26.Na5 Bxc5 27.Nxb7 
Bb6 28.Nc5 Rd8 29.Nb3 Rd3 30.Rb1 Rc3 31.a5 Bc7 32.b6 axb6 33.a6 Bb8 34.Nd4
Ra3 35.Nc6 Bc7 36.a7 Kf8 37.Rb5 Ra6 38.Kg2 f6 39.f4 Kf7 40.e4 Ke6 41.e5 g5
42.exf6 exf6 43.f5+ 1-0

[Event "12th EUR-ch"]
[Site "Aix-les-Bains FRA"]
[Date "2011.03.25"]
[Round "4.29"]
[White "Javakhishvili, Lela"]
[Black "Macieja, Bartlomiej"]
[Result "1/2-1/2"]
[WhiteElo "2437"]
[BlackElo "2619"]
[EventDate "2011.03.22"]
[PlyCount "47"]

1.d4 e6 2.c4 Nf6 3.Nf3 d5 4.Nc3 dxc4 5.Bg5 Bb4 6.a3 Bxc3+ 7.bxc3 c5 8.Qa4+
Bd7 9.Qxc4 cxd4 10.cxd4 O-O 11.e3 Nc6 12.Bd3 Rc8 13.Bxf6 Qxf6 14.Qc5 Rfe8 
15.Qd6 Rcd8 16.Be4 e5 17.Qxf6 gxf6 18.dxe5 fxe5 19.O-O Na5 20.Rab1 b5 21.
Bd5 Kg7 22.Rfc1 a6 23.Rc7 Be6 24.Ng5 1/2-1/2

[Event "12th EUR-ch"]
[Site "Aix-les-Bains FRA"]
[Date "2011.03.25"]
[Round "4.30"]
[White "Nepomniachtchi, Ian"]
[Black "Wells, Peter"]
[Result "1/2-1/2"]
[WhiteElo "2729"]
[BlackElo "2487"]
[EventDate "2011.03.22"]
[PlyCount "119"]

1.e4 c6 2.d4 d5 3.e5 Bf5 4.h4 h6 5.g4 Be4 6.f3 Bh7 7.Bd3 Bxd3 8.Qxd3 e6 9.
h5 c5 10.c3 Nc6 11.a3 Qa5 12.Nd2 cxd4 13.cxd4 Qa6 14.Qxa6 bxa6 15.Ne2 Rb8 
16.f4 Nge7 17.Nf3 f5 18.g5 Kd7 19.Kf2 a5 20.Ne1 Rb3 21.Ra2 Nc8 22.Be3 Be7 
23.Nc1 Rxe3 24.Kxe3 hxg5 25.Ned3 Nb6 26.b3 a4 27.Rg2 g4 28.Rgh2 Rb8 29.h6 
gxh6 30.Nc5+ Bxc5 31.dxc5 d4+ 32.Kf2 Nd5 33.b4 Nxf4 34.Rxh6 Nxe5 35.Kg3 
Nd5 36.Ne2 Nf3 37.Rd1 Ne3 38.Rh7+ Kc6 39.Nxd4+ Kd5 40.Nxf3+ Nxd1 41.Rd7+ 
Ke4 42.Ng5+ Ke5 43.Rxd1 Kf6 44.Nh7+ Kg6 45.Rd7 a5 46.Nf8+ Rxf8 47.b5 f4+ 
48.Kxg4 Rf5 49.b6 Rxc5 50.Kxf4 Rb5 51.Rb7 Kf6 52.Ke4 e5 53.Rb8 Ke6 54.b7 
Kd7 55.Ra8 Kc7 56.b8=Q+ Rxb8 57.Rxa5 Re8 58.Rxa4 Kb6 59.Rb4+ Ka6 60.a4 
1/2-1/2

[Event "12th EUR-ch"]
[Site "Aix-les-Bains FRA"]
[Date "2011.03.25"]
[Round "4.31"]
[White "Svidler, Peter"]
[Black "Mastrovasilis, Athanasios"]
[Result "1-0"]
[WhiteElo "2730"]
[BlackElo "2547"]
[EventDate "2011.03.22"]
[PlyCount "47"]

1.g3 e5 2.c4 Nf6 3.Bg2 c6 4.d4 e4 5.d5 cxd5 6.cxd5 Bb4+ 7.Bd2 e3 8.Bxb4 
exf2+ 9.Kd2 Qb6 10.Ba3 d6 11.Nf3 Bf5 12.Nc3 O-O 13.Qb3 Qd8 14.Rhf1 Re8 15.
Rxf2 Ng4 16.Ke1 Qe7 17.e4 Nd7 18.Re2 Bg6 19.Qxb7 Bh5 20.Qc7 Nge5 21.Nxe5 
Qxe5 22.Qxd7 Bxe2 23.Nxe2 Qg5 24.Qxd6 1-0

[Event "12th EUR-ch"]
[Site "Aix-les-Bains FRA"]
[Date "2011.03.25"]
[Round "4.32"]
[White "Navara, David"]
[Black "Manolache, Marius"]
[Result "1-0"]
[WhiteElo "2722"]
[BlackElo "2546"]
[EventDate "2011.03.22"]
[PlyCount "112"]

1.d4 Nf6 2.Nf3 c6 3.c4 g6 4.Nc3 Bg7 5.e4 O-O 6.Bd3 d6 7.O-O Bg4 8.Be3 Nbd7
9.Be2 a6 10.h3 Bxf3 11.Bxf3 Ne8 12.Qd2 Nc7 13.Be2 b5 14.a3 Rb8 15.b4 Nb6 
16.c5 dxc5 17.bxc5 Nc4 18.Bxc4 bxc4 19.Qe2 Bxd4 20.Rad1 e5 21.Qxc4 Ne6 22.
Ne2 Qa5 23.Nxd4 exd4 24.Rxd4 Nxd4 25.Qxd4 Qd8 26.Qc3 Qh4 27.Rd1 Rfe8 28.f3
Red8 29.Rd6 Qg3 30.Qd3 Rxd6 31.cxd6 Rd8 32.Bc5 Qe5 33.Qc4 a5 34.Qc1 Rxd6 
35.Bxd6 Qxd6 36.Qc3 a4 37.Kf2 h5 38.h4 Qb8 39.e5 Qb5 40.Ke3 c5 41.e6 fxe6 
42.Qf6 Qe8 43.Kd3 Qd7+ 44.Kc4 Qd5+ 45.Kb5 Qb3+ 46.Ka5 c4 47.Qxg6+ Kh8 48.
Qh6+ Kg8 49.Qxe6+ Kg7 50.Qe7+ Kg8 51.Qe8+ Kg7 52.Qxa4 Kf6 53.g4 Ke5 54.g5 
Kd5 55.g6 Ke6 56.Qb4 Qd3 1-0

[Event "12th EUR-ch"]
[Site "Aix-les-Bains FRA"]
[Date "2011.03.25"]
[Round "4.33"]
[White "Vitiugov, Nikita"]
[Black "Yakovich, Yuri"]
[Result "1-0"]
[WhiteElo "2720"]
[BlackElo "2546"]
[EventDate "2011.03.22"]
[PlyCount "98"]

1.d4 d5 2.c4 e6 3.Nc3 c6 4.Nf3 dxc4 5.a4 Bb4 6.e3 b5 7.Bd2 a5 8.axb5 Bxc3 
9.Bxc3 cxb5 10.b3 Bb7 11.bxc4 b4 12.Bb2 Nf6 13.Bd3 Nbd7 14.Nd2 O-O 15.O-O 
Qc7 16.f3 e5 17.Kh1 Rfe8 18.Bc2 exd4 19.exd4 Nb6 20.Rc1 a4 21.d5 b3 22.Bb1
Nbd7 23.Bd4 Ba6 24.f4 Qd6 25.Rc3 Re7 26.Bf5 Nf8 27.Qa1 Rae8 28.Be5 Qb4 29.
Rg3 Ng6 30.Bc3 b2 31.Qb1 Qc5 32.Bxb2 Nxd5 33.Ba3 Qa5 34.Bxg6 hxg6 35.Bxe7 
Nxe7 36.Qe1 a3 37.Re3 a2 38.Re5 Qa3 39.h3 Bb7 40.Kh2 Kf8 41.Qc1 Qd3 42.Qb2
Bc6 43.Qxa2 Rd8 44.Rf2 Nf5 45.Nf3 Ne3 46.Ne1 Qc3 47.Qa7 Nf5 48.Qc5+ Kg8 
49.Qxc6 Re8 1-0

[Event "12th EUR-ch"]
[Site "Aix-les-Bains FRA"]
[Date "2011.03.25"]
[Round "4.34"]
[White "Pridorozhni, Aleksei"]
[Black "Jakovenko, Dmitry"]
[Result "1/2-1/2"]
[WhiteElo "2542"]
[BlackElo "2718"]
[EventDate "2011.03.22"]
[PlyCount "44"]

1.e4 c5 2.Nf3 e6 3.c4 Nc6 4.Nc3 e5 5.Be2 d6 6.O-O f5 7.exf5 Bxf5 8.d3 Be7 
9.Nd2 Nf6 10.Nde4 Qd7 11.Nxf6+ Bxf6 12.Bf3 O-O 13.Be3 Rab8 14.Qd2 a6 15.
Rae1 b5 16.b3 Bd8 17.Rc1 Ba5 18.Qe2 Bxc3 19.Bxc6 Qxc6 20.Rxc3 b4 21.Rcc1 
Qe8 22.f4 exf4 1/2-1/2

[Event "12th EUR-ch"]
[Site "Aix-les-Bains FRA"]
[Date "2011.03.25"]
[Round "4.35"]
[White "Caruana, Fabiano"]
[Black "Gozzoli, Yannick"]
[Result "1/2-1/2"]
[WhiteElo "2716"]
[BlackElo "2543"]
[EventDate "2011.03.22"]
[PlyCount "230"]

1.c4 e5 2.Nc3 Nf6 3.Nf3 Nc6 4.g3 g6 5.Bg2 Bg7 6.d3 O-O 7.O-O d6 8.Bg5 h6 
9.Bxf6 Qxf6 10.Rb1 Qd8 11.b4 Ne7 12.b5 Be6 13.Qa4 a6 14.Ne1 axb5 15.Qxb5 
e4 16.Nxe4 Rxa2 17.Qb3 Ra7 18.Nc2 f5 19.Nd2 c6 20.e3 d5 21.Rfd1 dxc4 22.
dxc4 b5 23.Nb4 Rd7 24.Qc2 Qb6 25.c5 Qc7 26.Nb3 Rfd8 27.Rxd7 Rxd7 28.h4 Bc4
29.Rd1 Bf6 30.Rxd7 Qxd7 31.Na5 Qa7 32.Nbxc6 Nxc6 33.Nxc6 Qxc5 34.Na5 Be7 
35.Nb3 Qd6 36.Nd4 Kg7 37.Nxb5 Bxb5 38.Qb2+ Bf6 39.Qxb5 h5 40.Bd5 Kh6 41.
Qb7 Qe7 42.Qb8 Qd8 43.Qf4+ Kg7 44.Be6 Qa5 45.Qf3 Qc5 46.Qb7+ Qe7 47.Qd5 
Qd8 48.Qb5 Qd1+ 49.Kg2 Qc2 50.Qb7+ Kh6 51.Bg8 Bg7 52.Qf3 Bf6 53.Bf7 Kg7 
54.Qb7 Qc5 55.Be6+ Kh6 56.Qa8 Bg7 57.Bg8 Qf8 58.Qd5 Qf6 59.Be6 Bf8 60.Qd7 
Bg7 61.Bd5 Qe5 62.Bf3 Bf6 63.Qc6 Be7 64.Bd5 Kg7 65.Qa8 Bf8 66.Bb3 Qf6 67.
Qc8 Kh6 68.Be6 Kg7 69.Qd7+ Be7 70.Kh3 Kh6 71.Bd5 Kg7 72.Qc8 Bf8 73.Kg2 Kh6
74.Qe8 Kg7 75.Bf3 Kh6 76.Bc6 Qe7 77.Qa8 Kg7 78.Bd5 Qf6 79.Qe8 Qe7 80.Qc6 
Qf6 81.Qb7+ Be7 82.e4 fxe4 83.Bxe4 Kh6 84.Qd5 Kg7 85.Qd3 Bc5 86.Qc2 Bb6 
87.f4 Kh6 88.Qc8 Bd8 89.Qd7 Be7 90.Qe8 Bd6 91.Bd3 Bc5 92.Kh3 Bd6 93.Be4 
Kg7 94.Bc2 Kh6 95.Kg2 Bc5 96.Bd1 Qd4 97.Kh3 Qf6 98.Bc2 Bd6 99.Qb5 Qe6+ 
100.Kh2 Kg7 101.Bd1 Qf6 102.Kg2 Kh6 103.Qd5 Qb2+ 104.Kh3 Qf6 105.Bc2 Kg7 
106.Kg2 Kh6 107.Kf3 Kg7 108.Ke2 Kh6 109.Kd3 Qf5+ 110.Qxf5 gxf5 111.Kc4 Kg6
112.Kd5 Bb4 113.Ke6 Be1 114.Bxf5+ Kh6 115.g4 Bxh4 1/2-1/2

[Event "12th EUR-ch"]
[Site "Aix-les-Bains FRA"]
[Date "2011.03.25"]
[Round "4.36"]
[White "Dreev, Aleksey"]
[Black "Sanikidze, Tornike"]
[Result "1/2-1/2"]
[WhiteElo "2697"]
[BlackElo "2542"]
[EventDate "2011.03.22"]
[PlyCount "61"]

1.d4 Nf6 2.c4 e6 3.Nc3 Bb4 4.Qc2 O-O 5.a3 Bxc3+ 6.Qxc3 b6 7.Bg5 Bb7 8.e3 
d6 9.Ne2 Nbd7 10.Qc2 c5 11.Rd1 Qe7 12.Nc3 cxd4 13.Rxd4 Rfd8 14.f3 h6 15.
Bh4 Ne5 16.Be2 Ng6 17.Bf2 d5 18.cxd5 Nxd5 19.Nxd5 Bxd5 20.Qd1 Ne5 21.O-O 
Bc4 22.Re1 Rac8 23.h3 Bxe2 24.Qxe2 Rxd4 25.exd4 Ng6 26.d5 Nf4 27.Qd2 Qd6 
28.Bg3 Qc5+ 29.Bf2 Qd6 30.Bg3 Qc5+ 31.Bf2 1/2-1/2

[Event "12th EUR-ch"]
[Site "Aix-les-Bains FRA"]
[Date "2011.03.25"]
[Round "4.37"]
[White "Rapport, Richard"]
[Black "Laznicka, Viktor"]
[Result "1/2-1/2"]
[WhiteElo "2540"]
[BlackElo "2688"]
[EventDate "2011.03.22"]
[PlyCount "121"]

1.Nf3 d5 2.d4 Nf6 3.c4 c6 4.Nc3 dxc4 5.a4 e6 6.e4 Bb4 7.Bg5 Qa5 8.Bd2 c5 
9.Bxc4 O-O 10.dxc5 Qxc5 11.Qe2 e5 12.O-O Bg4 13.Rac1 Bxf3 14.gxf3 Nc6 15.
Na2 Qe7 16.Nxb4 Nxb4 17.f4 Nc6 18.f3 Rad8 19.Kh1 Nh5 20.fxe5 Nxe5 21.Be3 
b6 22.Rg1 Nxc4 23.Rxc4 Rfe8 24.Rcc1 Qd7 25.a5 bxa5 26.Rc5 Qd3 27.Qf2 Nf6 
28.Rc3 Qa6 29.Bxa7 Rd7 30.Bb6 g6 31.Rc6 Nh5 32.Qc5 Nf4 33.Qc4 Qxc4 34.Rxc4
Rb7 35.Bxa5 Rxb2 36.Bc7 Nd3 37.Ra1 Rf2 38.Ra3 Ne1 39.Kg1 Rxf3 40.Rcc3 Rxc3
41.Rxc3 Rc8 42.Kf2 Nd3+ 43.Ke3 Nb4 44.Kd4 f6 45.Rc4 Kf7 46.h4 Ke6 47.Rxb4 
Rxc7 48.Rb6+ Kf7 49.h5 Rd7+ 50.Ke3 gxh5 51.e5 fxe5 52.Ke4 Re7 53.Rh6 Kg7 
54.Rxh5 Kg6 55.Rh1 h5 56.Rg1+ Kh6 57.Kf5 Rf7+ 58.Kxe5 h4 59.Ke4 Kh5 60.Rg8
h3 61.Ke3 1/2-1/2

[Event "12th EUR-ch"]
[Site "Aix-les-Bains FRA"]
[Date "2011.03.25"]
[Round "4.39"]
[White "Petrik, Tomas"]
[Black "Zhigalko, Sergei"]
[Result "0-1"]
[WhiteElo "2536"]
[BlackElo "2680"]
[EventDate "2011.03.22"]
[PlyCount "200"]

1.d4 d5 2.c4 e6 3.Nf3 c6 4.e3 Bd6 5.Bd3 f5 6.O-O Nf6 7.b3 Qe7 8.Bb2 O-O 9.
Qc1 b6 10.Ba3 c5 11.dxc5 bxc5 12.Nc3 Ba6 13.Rd1 dxc4 14.Bxc4 Bxc4 15.bxc4 
Nbd7 16.Nb5 Bb8 17.Rb1 Ne4 18.Nbd4 Rc8 19.g3 Ndf6 20.Nd2 Qf7 21.Nxe4 fxe4 
22.Nb3 Ng4 23.Qc2 Qh5 24.h4 Bxg3 25.fxg3 Nxe3 26.Qd2 Nxd1 27.Qxd1 Qg6 28.
Qe1 Rf8 29.Nd2 Rf5 30.Rb7 Raf8 31.Bb2 e5 32.Rb3 Qf7 33.Re3 Rd8 34.Bc3 Rd3 
35.Rxd3 exd3 36.Qe3 Qd7 37.Ne4 Rf8 38.Qxc5 Qh3 39.Qd5+ Kh8 40.Qxd3 h6 41.
Bxe5 Qf5 42.Bb2 Rb8 43.Ba1 Re8 44.Qc3 Re7 45.Nf2 Qb1+ 46.Kg2 Qxa2 47.Qf3 
Kg8 48.Qd5+ Rf7 49.Bd4 a5 50.Qa8+ Rf8 51.Qd5+ Rf7 52.Kh3 Qe2 53.c5 Qb5 54.
Qa8+ Rf8 55.Qd5+ Rf7 56.Kh2 a4 57.Qa8+ Kh7 58.Qe4+ Kg8 59.Qa8+ Kh7 60.Qe4+
Kg8 61.Ng4 Qc4 62.Qe8+ Kh7 63.Qe4+ Kg8 64.h5 Qb5 65.Qa8+ Kh7 66.Qe4+ Kg8 
67.Ne5 Re7 68.Qd5+ Kh7 69.Qe4+ Kg8 70.Qd5+ Kh7 71.Qf3 Kg8 72.Kh3 Qe8 73.
Qf5 a3 74.c6 a2 75.Ng6 Rf7 76.Qd5 Kh7 77.Ne5 Rf1 78.Qe4+ Kg8 79.Qd5+ Kh7 
80.Qe4+ Kg8 81.Qe2 Qe6+ 82.Kg2 a1=Q 83.Bxa1 Rxa1 84.Qb5 Rc1 85.c7 Rxc7 86.
Qb2 Qf5 87.Qb8+ Rc8 88.Qb3+ Kh7 89.Qd3 Rc2+ 90.Kg1 Qxd3 91.Nxd3 Rc3 92.Nf4
Rxg3+ 93.Kf2 Rg5 94.Kf3 Kg8 95.Ke4 Kf7 96.Ke3 Kf6 97.Ke4 Ra5 98.Kf3 Kf5 
99.Kg3 Ra3+ 100.Kh4 Ra4 0-1

[Event "12th EUR-ch"]
[Site "Aix-les-Bains FRA"]
[Date "2011.03.25"]
[Round "4.40"]
[White "Sargissian, Gabriel"]
[Black "Le Roux, Jean-Pierre"]
[Result "1-0"]
[WhiteElo "2676"]
[BlackElo "2538"]
[EventDate "2011.03.22"]
[PlyCount "71"]

1.Nf3 Nf6 2.c4 g6 3.Nc3 d5 4.cxd5 Nxd5 5.Qb3 Nb6 6.d4 Bg7 7.Bf4 Be6 8.Qa3 
O-O 9.e3 c6 10.Rd1 N8d7 11.Ng5 Bc4 12.Bxc4 Nxc4 13.Qb3 b5 14.O-O e5 15.
dxe5 Qe7 16.e6 fxe6 17.Nge4 Rf5 18.Qc2 Be5 19.Ne2 Bxf4 20.Nxf4 Raf8 21.b3 
Nce5 22.Rd6 Nc5 23.Rfd1 Nxe4 24.Qxe4 Qh4 25.f3 Nf7 26.Nxg6 Qxe4 27.fxe4 
Nxd6 28.exf5 hxg6 29.Rxd6 Rxf5 30.Rxc6 a5 31.Rxe6 Rc5 32.Rxg6+ Kf7 33.Ra6 
Rc1+ 34.Kf2 Rc2+ 35.Kf3 Rxa2 36.b4 1-0

[Event "12th EUR-ch"]
[Site "Aix-les-Bains FRA"]
[Date "2011.03.25"]
[Round "4.41"]
[White "Gabrielian, Artur"]
[Black "Akopian, Vladimir"]
[Result "1/2-1/2"]
[WhiteElo "2532"]
[BlackElo "2675"]
[EventDate "2011.03.22"]
[PlyCount "53"]

1.d4 Nf6 2.c4 e6 3.Nc3 Bb4 4.e3 c5 5.Bd3 d5 6.Nf3 dxc4 7.Bxc4 O-O 8.O-O 
Nbd7 9.a3 Ba5 10.Bd2 cxd4 11.Nxd4 Ne5 12.Be2 Bd7 13.Qb3 Nc6 14.Nf3 e5 15.
Rfd1 Qe7 16.Rac1 Bg4 17.h3 Bh5 18.Nd5 Nxd5 19.Bxa5 Nxa5 20.Qxd5 Nc6 21.g4 
Bg6 22.Qd7 Rae8 23.Qxe7 Rxe7 24.Bb5 Be4 25.Ng5 Bg6 26.Nf3 Be4 27.Ng5 
1/2-1/2

[Event "12th EUR-ch"]
[Site "Aix-les-Bains FRA"]
[Date "2011.03.25"]
[Round "4.42"]
[White "Nielsen, Peter Heine"]
[Black "Romanishin, Oleg"]
[Result "1-0"]
[WhiteElo "2670"]
[BlackElo "2530"]
[EventDate "2011.03.22"]
[PlyCount "171"]

1.d4 Nf6 2.c4 d6 3.Nf3 g6 4.g3 Bf5 5.Bg2 Bg7 6.Qb3 Qc8 7.Nc3 Nc6 8.d5 Nd8 
9.O-O O-O 10.Re1 Ne4 11.Nxe4 Bxe4 12.Bg5 e5 13.c5 dxc5 14.Be7 Re8 15.Bxc5 
c6 16.dxc6 Bxc6 17.Rac1 Ne6 18.Be3 Qd7 19.Red1 Qe7 20.Ne1 Bxg2 21.Kxg2 a6 
22.Nd3 Rac8 23.Nb4 Nd4 24.Nd5 Qe6 25.Bxd4 exd4 26.Rxc8 Qxc8 27.Rd2 b5 28.
Rc2 Qe6 29.Qf3 Rd8 30.Nb4 a5 31.Nc6 Re8 32.a3 a4 33.Nb4 h5 34.Nd3 Bf8 35.
h3 Rc8 36.Nf4 Qf5 37.Rc6 Qd7 38.Rb6 Rc5 39.Rb8 Rf5 40.Qe4 Qd6 41.Qe8 Re5 
42.Qd8 Qxd8 43.Rxd8 g5 44.Nd3 Rxe2 45.Kf3 Rd2 46.Ke4 Kg7 47.Rd5 Be7 48.
Kxd4 Bf6+ 49.Ke3 Rc2 50.Rxb5 Rc4 51.Ra5 Rc2 52.Rb5 Rc4 53.Kf3 Rd4 54.Ke2 
Re4+ 55.Kd2 Kg6 56.f3 Rd4 57.g4 hxg4 58.hxg4 Kg7 59.Rc5 Rd8 60.Rb5 Rd4 61.
Rb6 Rc4 62.Rb7 Rd4 63.Rb5 Rc4 64.Nf2 Rd4+ 65.Ke3 Rd7 66.Rb4 Be7 67.Rb5 Bf6
68.Ne4 Bd4+ 69.Ke2 f6 70.Rb4 Be5 71.Nc3 Bf4 72.Ne4 Rc7 73.Kd3 Be5 74.Nc3 
Rd7+ 75.Ke4 Rd2 76.Nxa4 Re2+ 77.Kd3 Rf2 78.Ke3 Rc2 79.Rb3 Bf4+ 80.Kd3 Rd2+
81.Ke4 Be5 82.Nc3 Kg6 83.a4 Rd4+ 84.Ke3 Rc4 85.a5 Bc7 86.Ra3 1-0

[Event "12th EUR-ch"]
[Site "Aix-les-Bains FRA"]
[Date "2011.03.25"]
[Round "4.43"]
[White "Apicella, Manuel"]
[Black "Mamedov, Rauf"]
[Result "0-1"]
[WhiteElo "2531"]
[BlackElo "2667"]
[EventDate "2011.03.22"]
[PlyCount "78"]

1.e4 c5 2.Nf3 d6 3.d4 cxd4 4.Nxd4 Nf6 5.Nc3 Nc6 6.Be2 g6 7.Nb3 Bg7 8.O-O 
O-O 9.Bg5 a6 10.Re1 h6 11.Bh4 b5 12.Bf1 Nd7 13.Rb1 Nde5 14.Nd5 g5 15.Bg3 
e6 16.Ne3 Bb7 17.Qd2 Qc7 18.f3 Rad8 19.c3 Ne7 20.Nd4 Qc8 21.h4 N7g6 22.
hxg5 hxg5 23.a4 f5 24.exf5 exf5 25.axb5 f4 26.bxa6 Ba8 27.b4 fxg3 28.b5 g4
29.Qa2+ Kh8 30.b6 gxf3 31.Nxf3 Bxf3 32.b7 Qc7 33.gxf3 Nxf3+ 34.Kh1 Nxe1 
35.a7 Rxf1+ 36.Nxf1 Qc6+ 37.Kg1 Nf3+ 38.Kh1 Nd2+ 39.Kg1 Nf4 0-1